[Event "Agzamov Memorial 04th"]
[Site "Tashkent"]
[Date "2010.03.30"]
[Round "8"]
[White "Turov, Maxim"]
[Black "Yurtaev, Leonid"]
[Result "1-0"]
[WhiteElo "2609"]
[BlackElo "2469"]
[PlyCount "85"]
[EventDate "2010.03.23"]
[EventType "swiss"]
[EventRounds "9"]
[EventCountry "UZB"]
[SourceTitle "CBM 135 Extra"]
[Source "ChessBase"]
[SourceDate "2010.05.04"]
[SourceVersion "1"]
[SourceVersionDate "2010.05.04"]
[SourceQuality "1"]

1. d4 Nf6 2. c4 g6 3. Nc3 Bg7 4. e4 d6 5. Nf3 0-0 6. Be2 e5 7. 0-0 Nc6 8. d5 Ne7 9. Nd2 c5 10. dxc6 bxc6 11. b4 Rb8 12. Ba3 Bb7 13. Nb3 d5 14. Nc5 d4 15. N3a4 Bc8 16. Nb2 Ne8 17. Qa4 Qc7 18. Na6 Bxa6 19. Qxa6 f5 20. f3 Nf6 21. Bd3 Bh6 22. c5 fxe4 23. fxe4 Be3+ 24. Kh1 Ng4 25. Nd1 Rxf1+ 26. Bxf1 Rf8 27. h3 Nf2+ 28. Nxf2 Rxf2 29. b5 cxb5 30. Bxb5 Nc8 31. Rb1 Kg7 32. Bd7 Qd8 33. Qxc8 Qa5 34. Bf5 Kh6 35. Qf8+ Kh5 36. Qf7 Kh6 37. Qf8+ Kh5 38. Bg4+ Kh4 39. Qe7+ Bg5 40. g3+ Kxg3 41. Rg1+ Kf4 42. Qf7+ Kxe4 43. Qxf2 1-0

[Event "Agzamov Memorial 04th"]
[Site "Tashkent"]
[Date "2010.03.24"]
[Round "2"]
[White "Igambergenov, Alibek"]
[Black "Yurtaev, Leonid"]
[Result "1/2-1/2"]
[WhiteElo "2199"]
[BlackElo "2469"]
[PlyCount "117"]
[EventDate "2010.03.23"]
[EventType "swiss"]
[EventRounds "9"]
[EventCountry "UZB"]
[SourceTitle "CBM 135 Extra"]
[Source "ChessBase"]
[SourceDate "2010.05.04"]
[SourceVersion "1"]
[SourceVersionDate "2010.05.04"]
[SourceQuality "1"]

1. d4 g6 2. c4 Bg7 3. Nc3 d6 4. e4 Nf6 5. h3 e5 6. d5 Nbd7 7. Bd3 Nc5 8. Bc2 a5 9. Bg5 h6 10. Be3 c6 11. Nge2 cxd5 12. exd5 0-0 13. Qd2 Kh7 14. g4 Bd7 15. Ng3 Rc8 16. Rc1 e4 17. b3 Re8 18. Kf1 Qe7 19. Kg2 Qf8 20. a4 Ng8 21. Ncxe4 Nxe4 22. Bxe4 f5 23. gxf5 gxf5 24. Bb1 Ne7 25. Bd4 Ng6 26. Bxg7 Nh4+ 27. Kf1 Qxg7 28. Qf4 Qg5 29. Qxg5 hxg5 30. Re1 Kg6 31. Re3 Kf6 32. Ke2 Ng2 33. Rxe8 Rxe8+ 34. Kd2 Rh8 35. Bd3 Nf4 36. Bf1 Ke5 37. Ke3 Rh4 38. f3 b6 39. Kd2 Kd4 40. Rg1 Kc5 41. Ne2 Nxh3 42. Bxh3 Rxh3 43. Rxg5 Rxf3 44. Rg7 Be8 45. Rc7+ Kb4 46. Nd4 Rf4 47. Kd3 Rg4 48. Rb7 Rg3+ 49. Kd2 f4 50. Nf5 Rg2+ 51. Ke1 Kxb3 52. Nxd6 Bxa4 53. c5 Kb4 54. c6 Kc5 55. c7 Bd7 56. c8Q+ Bxc8 57. Nxc8 Kxd5 58. Rxb6 a4 59. Ra6 1/2-1/2

[Event "Agzamov Memorial 01st"]
[Site "Tashkent"]
[Date "2007.03.17"]
[Round "2"]
[White "Yurtaev, Leonid"]
[Black "Djuraev, Sokhib"]
[Result "1-0"]
[WhiteElo "2476"]
[BlackElo "2292"]
[PlyCount "112"]
[EventDate "2007.03.16"]
[EventType "swiss"]
[EventRounds "9"]
[EventCountry "UZB"]
[SourceTitle "CBM 117 Extra"]
[Source "ChessBase"]
[SourceDate "2007.05.09"]
[SourceVersion "1"]
[SourceVersionDate "2007.05.09"]
[SourceQuality "1"]

1. e4 g6 2. d4 Bg7 3. Nc3 d6 4. Be2 Nf6 5. g4 e5 6. d5 h5 7. g5 Nh7 8. Nf3 Bg4 9. Rg1 0-0 10. Be3 Nd7 11. Nh4 Nxg5 12. Bxg4 hxg4 13. Qxg4 Nh7 14. 0-0-0 Ndf6 15. Qh3 Qd7 16. Qf3 Nh5 17. Nf5 gxf5 18. Qxh5 f4 19. Bd2 f5 20. Rg6 Rf6 21. exf5 Rxf5 22. Qg4 Rf7 23. Qxd7 Rxd7 24. Ne4 Rf8 25. Rdg1 Kh8 26. c4 Bf6 27. Bc3 b6 28. b4 Bg7 29. h4 Rff7 30. h5 Nf8 31. R6g5 Kh7 32. Kc2 Bf6 33. Rg6 Be7 34. Rg8 Kh6 35. f3 Rd8 36. Nf2 Nd7 37. R8g6+ Kh7 38. Ne4 Rh8 39. a4 Rb8 40. Kd3 Rd8 41. a5 Nb8 42. h6 Rdf8 43. c5 bxc5 44. bxc5 Nd7 45. Rg7+ Kh8 46. c6 Nf6 47. Ng5 Rxg7 48. hxg7+ Kxg7 49. Ne6+ Kh6 50. Nxf8 Bxf8 51. Kc4 Nh7 52. Rb1 Ng5 53. Rb7 e4 54. fxe4 f3 55. Bd2 Bg7 56. Kd3 Kg6 1-0

[Event "Izmailov Memorial op 10th"]
[Site "Tomsk"]
[Date "2006.07.17"]
[Round "6"]
[White "Kuznesov, Andrei"]
[Black "Yurtaev, Leonid"]
[Result "0-1"]
[WhiteElo "2311"]
[BlackElo "2509"]
[PlyCount "46"]
[EventDate "2006.07.12"]
[EventType "swiss"]
[EventRounds "9"]
[EventCountry "RUS"]
[SourceTitle "EXT 2008"]
[Source "ChessBase"]
[SourceDate "2007.11.25"]
[SourceVersion "1"]
[SourceVersionDate "2007.11.25"]
[SourceQuality "1"]

1. e4 g6 2. d4 Bg7 3. Nc3 c6 4. f4 d5 5. e5 Nh6 6. Nf3 f6 7. Be3 Bg4 8. Be2 0-0 9. h3 Bxf3 10. Bxf3 Nf5 11. Bf2 fxe5 12. dxe5 e6 13. 0-0 Nd7 14. Ne2 Qe7 15. Bg4 g5 16. Bxf5 Rxf5 17. g3 gxf4 18. gxf4 Raf8 19. Qd2 Bh6 20. Be3 Nxe5 21. Bxa7 Nc4 22. Qd4 e5 23. Qc5 Qh4 0-1

[Event "Izmailov Memorial op 10th"]
[Site "Tomsk"]
[Date "2006.07.16"]
[Round "5"]
[White "Yurtaev, Leonid"]
[Black "Jumabayev, Rinat"]
[Result "0-1"]
[WhiteElo "2509"]
[BlackElo "2401"]
[PlyCount "70"]
[EventDate "2006.07.12"]
[EventType "swiss"]
[EventRounds "9"]
[EventCountry "RUS"]
[SourceTitle "EXT 2008"]
[Source "ChessBase"]
[SourceDate "2007.11.25"]
[SourceVersion "1"]
[SourceVersionDate "2007.11.25"]
[SourceQuality "1"]

1. Nf3 c5 2. c4 Nf6 3. Nc3 e6 4. e3 b6 5. d4 cxd4 6. exd4 d6 7. Bd3 Bb7 8. 0-0 Be7 9. Re1 0-0 10. Qe2 Re8 11. Ng5 Bf8 12. d5 e5 13. Qf3 g6 14. Nce4 Nbd7 15. g4 h6 16. Nxf6+ Qxf6 17. Qxf6 Nxf6 18. Ne4 Nxe4 19. Bxe4 Kg7 20. Bd2 Be7 21. a4 a5 22. Be3 Ba6 23. Bxb6 Bxc4 24. Rec1 Reb8 25. Rxc4 Rxb6 26. Rb1 Rab8 27. b4 Rxb4 28. Rcxb4 axb4 29. a5 Bd8 30. a6 Bb6 31. Rc1 b3 32. Rc6 b2 33. Kg2 Bc5 34. Bb1 Rb4 35. h3 Ra4 0-1

[Event "Izmailov Memorial op 10th"]
[Site "Tomsk"]
[Date "2006.07.15"]
[Round "4"]
[White "Lavrov, Andrey"]
[Black "Yurtaev, Leonid"]
[Result "0-1"]
[WhiteElo "2356"]
[BlackElo "2509"]
[PlyCount "96"]
[EventDate "2006.07.12"]
[EventType "swiss"]
[EventRounds "9"]
[EventCountry "RUS"]
[SourceTitle "EXT 2008"]
[Source "ChessBase"]
[SourceDate "2007.11.25"]
[SourceVersion "1"]
[SourceVersionDate "2007.11.25"]
[SourceQuality "1"]

1. e4 c5 2. c3 d6 3. d4 Nf6 4. Bd3 Nc6 5. Ne2 e6 6. 0-0 Be7 7. Nd2 a6 8. f4 b5 9. Nf3 Bb7 10. a4 cxd4 11. axb5 axb5 12. Rxa8 Bxa8 13. Nexd4 Nxd4 14. Nxd4 0-0 15. Qc2 Qb8 16. Re1 g6 17. e5 dxe5 18. fxe5 Nd7 19. Bf4 b4 20. Qf2 bxc3 21. bxc3 Rc8 22. Rf1 Rc5 23. Bg3 Qe8 24. Bb5 Bf8 25. c4 Rc7 26. Kh1 Bc5 27. Qf4 Ra7 28. Rd1 Qc8 29. Nf3 Be7 30. Rf1 Nc5 31. h3 Ne4 32. Bh4 Bxh4 33. Qxh4 Ra2 34. Kh2 Nd2 35. Nxd2 Rxd2 36. Rf2 Rxf2 37. Qxf2 Qb7 38. Qe2 Qe7 39. Kg1 Qc5+ 40. Kh2 Qd4 41. Qe1 g5 42. Qg3 h6 43. Kh1 Kh7 44. Kh2 Kg6 45. Kh1 Kf5 46. Qa3 Qe4 47. Qa2 Qe1+ 48. Kh2 Qxe5+ 0-1

[Event "Izmailov Memorial op 10th"]
[Site "Tomsk"]
[Date "2006.07.14"]
[Round "3"]
[White "Yurtaev, Leonid"]
[Black "Bragin, Aleksandr Borisovic"]
[Result "1-0"]
[WhiteElo "2509"]
[BlackElo "2250"]
[PlyCount "61"]
[EventDate "2006.07.12"]
[EventType "swiss"]
[EventRounds "9"]
[EventCountry "RUS"]
[SourceTitle "EXT 2008"]
[Source "ChessBase"]
[SourceDate "2007.11.25"]
[SourceVersion "1"]
[SourceVersionDate "2007.11.25"]
[SourceQuality "1"]

1. e4 c5 2. Nf3 e6 3. d4 cxd4 4. Nxd4 Nf6 5. Nc3 d6 6. Be3 a6 7. Be2 Be7 8. g4 Qc7 9. g5 Nfd7 10. f4 Nc6 11. 0-0 0-0 12. Bd3 Nc5 13. Qh5 Nxd4 14. Bxd4 Nxd3 15. cxd3 f6 16. g6 hxg6 17. Qxg6 Bd7 18. Rf3 Be8 19. Qg4 Qd7 20. Rg3 Rf7 21. Rh3 e5 22. f5 g6 23. Be3 g5 24. Qh5 Rg7 25. Qh8+ Kf7 26. Nd5 Bd8 27. Kh1 Qb5 28. Bxg5 Bc6 29. Rh7 Rxh7 30. Qxh7+ Ke8 31. Qg8+ 1-0

[Event "Izmailov Memorial op 10th"]
[Site "Tomsk"]
[Date "2006.07.12"]
[Round "1"]
[White "Yurtaev, Leonid"]
[Black "Vladimirov, Mikhail"]
[Result "1-0"]
[WhiteElo "2509"]
[BlackElo "2245"]
[PlyCount "57"]
[EventDate "2006.07.12"]
[EventType "swiss"]
[EventRounds "9"]
[EventCountry "RUS"]
[SourceTitle "EXT 2008"]
[Source "ChessBase"]
[SourceDate "2007.11.25"]
[SourceVersion "1"]
[SourceVersionDate "2007.11.25"]
[SourceQuality "1"]

1. e4 c5 2. Nf3 e6 3. Nc3 Nc6 4. d4 cxd4 5. Nxd4 Qc7 6. g3 Nf6 7. Ndb5 Qb8 8. Bf4 e5 9. Bg5 a6 10. Bxf6 gxf6 11. Na3 Bb4 12. Nc4 b5 13. Ne3 Ne7 14. Qf3 Qb6 15. Bd3 Bb7 16. 0-0 Bxc3 17. bxc3 Qc6 18. c4 bxc4 19. Nxc4 d5 20. exd5 Qxd5 21. Be4 Qxc4 22. Bxb7 Rb8 23. Qxf6 Ng6 24. Bc6+ Kf8 25. Rab1 Rc8 26. Bd7 Ra8 27. Rb7 Kg8 28. Rfb1 h6 29. Bf5 1-0

[Event "Zudov Memorial"]
[Site "Nizhnij Tagil"]
[Date "2006.06.28"]
[Round "9"]
[White "Yurtaev, Leonid"]
[Black "Lomako, Pavel"]
[Result "0-1"]
[WhiteElo "2519"]
[BlackElo "2418"]
[PlyCount "122"]
[EventDate "2006.06.20"]
[EventType "tourn"]
[EventRounds "11"]
[EventCountry "RUS"]
[EventCategory "9"]
[SourceTitle "EXT 2007"]
[Source "ChessBase"]
[SourceDate "2006.11.23"]
[SourceVersion "1"]
[SourceVersionDate "2006.11.23"]
[SourceQuality "1"]

1. e4 c5 2. Nf3 e6 3. d4 cxd4 4. Nxd4 Nc6 5. Nc3 Qc7 6. Be3 a6 7. Qd2 Nf6 8. 0-0-0 Bb4 9. f3 Ne5 10. Nb3 b5 11. Qe1 Be7 12. f4 Ng6 13. e5 Ng4 14. Ne4 0-0 15. h4 Bb7 16. Nd6 Bxh4 17. Qe2 f5 18. exf6 Nxf6 19. Nxb7 Qxb7 20. Rh3 Nd5 21. g3 Nxe3 22. Qxe3 Be7 23. Bd3 Rf6 24. Nd2 d5 25. Nf3 h6 26. Rdh1 Qa7 27. Qe2 Bd6 28. Kb1 Raf8 29. a3 Qd7 30. Rh5 Bxf4 31. g4 Bd6 32. Bxg6 Rxg6 33. Nh4 Rgf6 34. g5 Rf2 35. Qd3 Qf7 36. Ng6 Rf1+ 37. Ka2 Rxh1 38. Rxh1 Qf3 39. Nxf8 Qxh1 40. Nxe6 Qe4 41. Qh3 Qxc2 42. Nxg7 Qc4+ 43. Ka1 Qc1+ 44. Ka2 Qxg5 45. Ne6 Qf6 46. Qg4+ Kf7 47. Nd4 Be5 48. Qd7+ Kg6 49. Qe8+ Kg5 50. Qg8+ Kf4 51. Ne6+ Ke3 52. Qg1+ Qf2 53. Qc1+ Kf3 54. Qd1+ Kg3 55. Qb3+ Kh2 56. Qb4 h5 57. Nc5 Qd4 58. Nxa6 Qxb4 59. Nxb4 h4 60. Nxd5 h3 61. Ne3 Bf4 0-1

[Event "Zudov Memorial"]
[Site "Nizhnij Tagil"]
[Date "2006.06.24"]
[Round "5"]
[White "Slugin, Sergey"]
[Black "Yurtaev, Leonid"]
[Result "1/2-1/2"]
[WhiteElo "2411"]
[BlackElo "2519"]
[PlyCount "21"]
[EventDate "2006.06.20"]
[EventType "tourn"]
[EventRounds "11"]
[EventCountry "RUS"]
[EventCategory "9"]
[SourceTitle "EXT 2007"]
[Source "ChessBase"]
[SourceDate "2006.11.23"]
[SourceVersion "1"]
[SourceVersionDate "2006.11.23"]
[SourceQuality "1"]

1. e4 e5 2. Nf3 Nf6 3. Nxe5 d6 4. Nf3 Nxe4 5. Qe2 Qe7 6. d3 Nf6 7. Bg5 Qxe2+ 8. Bxe2 Nbd7 9. Nc3 c6 10. 0-0-0 h6 11. Bh4 1/2-1/2

[Event "Zudov Memorial"]
[Site "Nizhnij Tagil"]
[Date "2006.06.21"]
[Round "2"]
[White "Yurtaev, Leonid"]
[Black "Pilavov, Georgy"]
[Result "1/2-1/2"]
[WhiteElo "2519"]
[BlackElo "2550"]
[PlyCount "28"]
[EventDate "2006.06.20"]
[EventType "tourn"]
[EventRounds "11"]
[EventCountry "RUS"]
[EventCategory "9"]
[SourceTitle "EXT 2007"]
[Source "ChessBase"]
[SourceDate "2006.11.23"]
[SourceVersion "1"]
[SourceVersionDate "2006.11.23"]
[SourceQuality "1"]

1. e4 e5 2. Nf3 Nf6 3. Nc3 Nc6 4. Bb5 Nd4 5. Nxd4 exd4 6. e5 dxc3 7. exf6 Qxf6 8. dxc3 Qe5+ 9. Be2 Bc5 10. 0-0 0-0 11. Bd3 d6 12. Re1 Qf6 13. Be3 Bxe3 14. Rxe3 Qd8 1/2-1/2

[Event "Olympiad-37"]
[Site "Turin"]
[Date "2006.05.31"]
[Round "10"]
[White "Godena, Michele"]
[Black "Yurtaev, Leonid"]
[Result "1/2-1/2"]
[WhiteElo "2537"]
[BlackElo "2519"]
[PlyCount "27"]
[EventDate "2006.05.21"]
[EventType "team-swiss"]
[EventRounds "13"]
[EventCountry "ITA"]
[SourceTitle "CBM 113"]
[Source "ChessBase"]
[SourceDate "2006.07.31"]
[SourceVersion "1"]
[SourceVersionDate "2006.07.31"]
[SourceQuality "1"]
[WhiteTeam "Italy"]
[BlackTeam "Kyrgyzstan"]
[WhiteTeamCountry "ITA"]
[BlackTeamCountry "KGZ"]

1. e4 e5 2. Nf3 Nc6 3. d4 exd4 4. Nxd4 Bc5 5. Nxc6 Qf6 6. Qf3 Qxf3 7. gxf3 dxc6 8. Be3 Be7 9. Nd2 Nf6 10. 0-0-0 0-0 11. Nb3 Re8 12. Bf4 Bd8 13. Na5 Nh5 14. Be3 1/2-1/2

[Event "RUS-chT2 13th"]
[Site "Sochi"]
[Date "2006.04.26"]
[Round "7"]
[White "Ovetchkin, Roman"]
[Black "Yurtaev, Leonid"]
[Result "1-0"]
[WhiteElo "2548"]
[BlackElo "2519"]
[PlyCount "79"]
[EventDate "2006.04.20"]
[EventType "team"]
[EventRounds "11"]
[EventCountry "RUS"]
[SourceTitle "EXT 2007"]
[Source "ChessBase"]
[SourceDate "2006.11.23"]
[SourceVersion "1"]
[SourceVersionDate "2006.11.23"]
[SourceQuality "1"]

1. d4 Nf6 2. c4 g6 3. Nc3 Bg7 4. e4 d6 5. Nf3 0-0 6. h3 e5 7. d5 Na6 8. Bg5 h6 9. Be3 Nc5 10. Nd2 a5 11. g4 Bd7 12. Be2 c6 13. h4 a4 14. g5 hxg5 15. hxg5 Nh7 16. Nf3 Qa5 17. Qd2 a3 18. b3 b5 19. dxc6 Bxc6 20. Rh4 b4 21. Nd5 Bxd5 22. Qxd5 Rfd8 23. Kd2 Nf8 24. Nh2 Qc7 25. Ng4 Qe7 26. Kc2 Nfe6 27. Rah1 Nxg5 28. Nh6+ Bxh6 29. Rxh6 Nce6 30. Bg4 Nf8 31. f4 Ngh7 32. f5 g5 33. Qd2 f6 34. Bh5 d5 35. exd5 Qd7 36. Bg6 Nxg6 37. Rxg6+ Kh8 38. Rxf6 Rac8 39. Bxg5 Rg8 40. Re6 1-0

[Event "RUS-chT2 13th"]
[Site "Sochi"]
[Date "2006.04.25"]
[Round "6"]
[White "Gutov, Andrey"]
[Black "Yurtaev, Leonid"]
[Result "1-0"]
[WhiteElo "2417"]
[BlackElo "2519"]
[PlyCount "85"]
[EventDate "2006.04.20"]
[EventType "team"]
[EventRounds "11"]
[EventCountry "RUS"]
[SourceTitle "EXT 2007"]
[Source "ChessBase"]
[SourceDate "2006.11.23"]
[SourceVersion "1"]
[SourceVersionDate "2006.11.23"]
[SourceQuality "1"]

1. d4 Nf6 2. c4 g6 3. Nc3 Bg7 4. e4 d6 5. Nf3 0-0 6. Be2 e5 7. Be3 Nc6 8. d5 Ne7 9. Nd2 c5 10. g4 Ne8 11. h4 f5 12. f3 fxg4 13. fxg4 g5 14. Bxg5 h6 15. Be3 Ng6 16. Nf1 Nxh4 17. Kd2 Ng2 18. Rh2 Nxe3 19. Nxe3 a6 20. g5 hxg5 21. Bg4 Rf4 22. Bxc8 Rxc8 23. Qh5 Qf6 24. Nf5 Rxf5 25. Qh7+ Kf7 26. Qxf5 Qxf5 27. exf5 Nf6 28. Rg1 g4 29. Kd3 b5 30. b3 e4+ 31. Nxe4 bxc4+ 32. bxc4 Nxe4 33. Kxe4 Re8+ 34. Kd3 Bd4 35. Rxg4 Re3+ 36. Kd2 Ra3 37. Ke1 Be5 38. Rh6 Rf3 39. Rh7+ Kf8 40. Ra7 Ra3 41. f6 Bc3+ 42. Kd1 Rxa2 43. Rgg7 1-0

[Event "RUS-chT Clubs"]
[Site "Sochi"]
[Date "2005.04.20"]
[Round "3"]
[White "Deviatkin, Andrei"]
[Black "Yurtaev, Leonid"]
[Result "1/2-1/2"]
[WhiteElo "2510"]
[BlackElo "2515"]
[PlyCount "105"]
[EventDate "2005.04.19"]
[EventType "team"]
[EventRounds "9"]
[EventCountry "RUS"]
[SourceTitle "EXT 2006"]
[Source "ChessBase"]
[SourceDate "2005.11.24"]
[SourceVersion "1"]
[SourceVersionDate "2005.11.24"]
[SourceQuality "1"]

1. d4 Nf6 2. Nf3 g6 3. Bf4 Bg7 4. e3 d6 5. h3 0-0 6. c3 Nc6 7. Bc4 Nd7 8. Nbd2 e5 9. Bh2 Qe7 10. 0-0 Kh8 11. Bb5 e4 12. Ne1 f5 13. Nc2 Nf6 14. f3 exf3 15. Qxf3 Bd7 16. Bd3 Rae8 17. Rae1 Nd8 18. Qd1 Bc6 19. Nb4 Be4 20. Nxe4 Nxe4 21. Nd5 Qd7 22. c4 Nf6 23. Nxf6 Bxf6 24. Bc2 Qg7 25. b4 Ne6 26. c5 dxc5 27. bxc5 b6 28. Ba4 Rd8 29. Qb3 Ng5 30. cxb6 cxb6 31. Rc1 Rc8 32. Qd3 Qe7 33. Bb5 Ne4 34. Ba6 Rxc1 35. Rxc1 Rd8 36. Rc7 Qb4 37. Rc1 Nc5 38. Qc4 Nxa6 39. Qxa6 Qd2 40. Qa3 Re8 41. Be5 Bxe5 42. dxe5 a5 43. e6 Kg7 44. Rc7+ Kh6 45. Qb3 f4 46. exf4 Qxf4 47. Rc4 Qe5 48. Qxb6 Rb8 49. Rh4+ Kg5 50. Qd4 Rb1+ 51. Kf2 Rb2+ 52. Kg1 Rb1+ 53. Kf2 1/2-1/2

[Event "RUS-chT Clubs"]
[Site "Sochi"]
[Date "2005.04.20"]
[Round "4"]
[White "Isajevsky, Anton"]
[Black "Yurtaev, Leonid"]
[Result "1/2-1/2"]
[WhiteElo "2429"]
[BlackElo "2515"]
[PlyCount "44"]
[EventDate "2005.04.19"]
[EventType "team"]
[EventRounds "9"]
[EventCountry "RUS"]
[SourceTitle "EXT 2006"]
[Source "ChessBase"]
[SourceDate "2005.11.24"]
[SourceVersion "1"]
[SourceVersionDate "2005.11.24"]
[SourceQuality "1"]

1. d4 Nf6 2. c4 g6 3. Nc3 Bg7 4. e4 d6 5. Be2 0-0 6. Nf3 e5 7. Be3 exd4 8. Nxd4 Re8 9. f3 c6 10. Bf2 a6 11. 0-0 b5 12. a3 Bb7 13. Nb3 bxc4 14. Bxc4 a5 15. Na4 Nh5 16. Nb6 Ra6 17. Bxa6 Bxa6 18. Qd2 c5 19. Qxa5 Nf4 20. Nd5 Nxd5 21. Qxd8 Rxd8 22. exd5 Bxb2 1/2-1/2

[Event "RUS-chT Clubs"]
[Site "Sochi"]
[Date "2005.04.20"]
[Round "2"]
[White "Yurtaev, Leonid"]
[Black "Gabdrakhmanov, Rafail"]
[Result "1-0"]
[WhiteElo "2515"]
[BlackElo "2425"]
[PlyCount "120"]
[EventDate "2005.04.19"]
[EventType "team"]
[EventRounds "9"]
[EventCountry "RUS"]
[SourceTitle "EXT 2006"]
[Source "ChessBase"]
[SourceDate "2005.11.24"]
[SourceVersion "1"]
[SourceVersionDate "2005.11.24"]
[SourceQuality "1"]

1. e4 e5 2. Nf3 Nc6 3. Bb5 a6 4. Ba4 d6 5. Bxc6+ bxc6 6. d4 f6 7. Nc3 Rb8 8. Be3 Qd7 9. b3 Ne7 10. Qe2 exd4 11. Bxd4 Qg4 12. 0-0-0 Qxg2 13. Rhg1 Qh3 14. Kb1 Qe6 15. Nh4 g5 16. Nf3 Ng6 17. Be3 Ne5 18. Nxe5 Qxe5 19. Qh5+ Kd8 20. Bd4 Qe6 21. h4 g4 22. f4 gxf3 23. Qxf3 Be7 24. Rg7 Rg8 25. Rxh7 Qh3 26. Qf4 Qg4 27. Rg1 Qxg1+ 28. Bxg1 Rxg1+ 29. Kb2 Be6 30. Ne2 Rg4 31. Qf3 Rb4 32. Nf4 Bf5 33. exf5 Rbxf4 34. Qxc6 Rxh4 35. Rxe7 Kxe7 36. Qxc7+ Ke8 37. Qxd6 Re4 38. Qxf6 a5 39. Qc6+ Ke7 40. Qd5 Kf6 41. Qxa5 Rhf4 42. a4 Rxf5 43. Qd8+ Re7 44. a5 Ke6 45. b4 Rd5 46. Qc8+ Kd6 47. Kb3 Rc7 48. Qf8+ Kd7 49. c4 Re5 50. Qf4 Re6 51. b5 Kc8 52. Qf5 Rce7 53. Kb4 Kb8 54. a6 Re5 55. Qf4 R7e6 56. Ka5 Kc8 57. c5 Re4 58. Qf8+ Re8 59. Qf5+ Kc7 60. Qd5 R4e7 1-0

[Event "RUS-chT Clubs"]
[Site "Sochi"]
[Date "2005.04.20"]
[Round "5"]
[White "Yurtaev, Leonid"]
[Black "Klimov, Sergey"]
[Result "1-0"]
[WhiteElo "2515"]
[BlackElo "2490"]
[PlyCount "63"]
[EventDate "2005.04.19"]
[EventType "team"]
[EventRounds "9"]
[EventCountry "RUS"]
[SourceTitle "EXT 2006"]
[Source "ChessBase"]
[SourceDate "2005.11.24"]
[SourceVersion "1"]
[SourceVersionDate "2005.11.24"]
[SourceQuality "1"]

1. e4 c5 2. Nf3 e6 3. d4 cxd4 4. Nxd4 Nc6 5. Nc3 Qc7 6. a3 a6 7. f4 b5 8. Nxc6 Qxc6 9. Bd3 Bb7 10. 0-0 Nf6 11. Qe2 Bc5+ 12. Be3 d6 13. Rf3 0-0 14. Kh1 b4 15. axb4 Bxb4 16. Na2 a5 17. e5 Nd7 18. Rg3 dxe5 19. fxe5 Nxe5 20. Bxh7+ Kxh7 21. Qh5+ Kg8 22. Qxe5 f6 23. Qh5 Rf7 24. Nxb4 axb4 25. Rxa8+ Bxa8 26. Qa5 Qe4 27. h3 f5 28. Qd8+ Kh7 29. Qe8 Qe5 30. Bf2 f4 31. Rg4 Rc7 32. Rh4+ 1-0

[Event "Chigorin Memorial 12th"]
[Site "St Petersburg"]
[Date "2004.10.18"]
[Round "3"]
[White "Yurtaev, Leonid"]
[Black "Tjurin, Alexander P"]
[Result "1-0"]
[WhiteElo "2524"]
[BlackElo "2371"]
[PlyCount "111"]
[EventDate "2004.10.16"]
[EventType "swiss"]
[EventRounds "9"]
[EventCountry "RUS"]
[SourceTitle "EXT 2005"]
[Source "ChessBase"]
[SourceDate "2004.11.15"]
[SourceVersion "1"]
[SourceVersionDate "2004.11.15"]
[SourceQuality "1"]

1. d4 Nf6 2. Nf3 g6 3. c4 Bg7 4. Nc3 d6 5. g3 0-0 6. Bg2 Nc6 7. 0-0 Bf5 8. d5 Na5 9. Nd4 Bd7 10. b3 c5 11. Nc2 a6 12. e4 b5 13. Qe2 Ng4 14. Bd2 bxc4 15. bxc4 Rb8 16. Rab1 Qc7 17. h3 Nf6 18. Ne3 e5 19. Qd3 Rxb1 20. Nxb1 Nb7 21. Qa3 Ra8 22. Nc3 Nh5 23. Rb1 f5 24. exf5 gxf5 25. Na4 f4 26. Nb6 Rf8 27. Nxd7 Qxd7 28. Ng4 fxg3 29. fxg3 a5 30. Be4 a4 31. Qd3 Nf6 32. Bf5 Qe7 33. Bg5 e4 34. Bxe4 h5 35. Nf2 Nd8 36. Bf5 Nf7 37. Be6 Kh8 38. Bh4 Ne5 39. Qe2 Qe8 40. Bxf6 Rxf6 41. Ne4 Qg6 42. Rb8+ Rf8 43. Rxf8+ Bxf8 44. Kg2 a3 45. h4 Be7 46. Kh3 Kg7 47. Kh2 Qh6 48. Bf5 Kh8 49. Kg2 Bf8 50. Ng5 Kg8 51. Bh7+ Kg7 52. Bc2 Be7 53. Ne6+ Kg8 54. Qe4 Bf6 55. Nf4 Kf8 56. Qf5 1-0

[Event "Moscow Aeroflot op-A"]
[Site "Moscow"]
[Date "2004.02.24"]
[Round "8"]
[White "Yurtaev, Leonid"]
[Black "Zhukova, Natalia"]
[Result "1/2-1/2"]
[WhiteElo "2527"]
[BlackElo "2462"]
[PlyCount "35"]
[EventDate "2004.02.17"]
[EventType "swiss"]
[EventRounds "9"]
[EventCountry "RUS"]
[SourceTitle "EXT 2005"]
[Source "ChessBase"]
[SourceDate "2004.11.15"]
[SourceVersion "1"]
[SourceVersionDate "2004.11.15"]
[SourceQuality "1"]

1. e4 e6 2. d4 d5 3. Nc3 Nf6 4. e5 Nfd7 5. f4 c5 6. Nf3 Qb6 7. Be3 a6 8. Na4 Qa5+ 9. c3 cxd4 10. b4 Qc7 11. cxd4 Bxb4+ 12. Kf2 Nc6 13. Rc1 b5 14. f5 Ba3 15. Rc3 Bb4 16. Rc1 Ba3 17. Rc3 Bb4 18. Rc1 1/2-1/2

[Event "Moscow Aeroflot op-A"]
[Site "Moscow"]
[Date "2004.02.21"]
[Round "5"]
[White "Schneider, Dmitry"]
[Black "Yurtaev, Leonid"]
[Result "0-1"]
[WhiteElo "2462"]
[BlackElo "2527"]
[PlyCount "90"]
[EventDate "2004.02.17"]
[EventType "swiss"]
[EventRounds "9"]
[EventCountry "RUS"]
[SourceTitle "EXT 2005"]
[Source "ChessBase"]
[SourceDate "2004.11.15"]
[SourceVersion "1"]
[SourceVersionDate "2004.11.15"]
[SourceQuality "1"]

1. e4 e5 2. Nf3 Nc6 3. Bb5 a6 4. Ba4 Nf6 5. Bxc6 dxc6 6. d3 Nd7 7. Nbd2 g6 8. Nc4 Bg7 9. Bg5 f6 10. Be3 c5 11. 0-0 0-0 12. a3 a5 13. a4 b6 14. Nfd2 Bb7 15. Qe1 Re8 16. f4 exf4 17. Bxf4 Nf8 18. Kh1 Ne6 19. Be3 Qd7 20. Nf3 Re7 21. Qg3 Rf8 22. b3 f5 23. Nfe5 Qe8 24. exf5 gxf5 25. Rae1 Qh5 26. Bc1 Nd4 27. Qf2 Rfe8 28. Bf4 Bd5 29. Re3 Ne6 30. Kg1 Bxc4 31. Rh3 Nxf4 32. Rxh5 Bxe5 33. Rg5+ Ng6 34. Qf3 Be6 35. Kh1 Bf6 36. Rh5 f4 37. h3 Bd4 38. Rg5 Rf8 39. Qe4 Bf6 40. Rxg6+ hxg6 41. Qxg6+ Bg7 42. Qg5 Ref7 43. Re1 f3 44. gxf3 Rxf3 45. h4 R3f5 0-1

[Event "Moscow Aeroflot op-A"]
[Site "Moscow"]
[Date "2004.02.19"]
[Round "3"]
[White "Obukhov, Alexander"]
[Black "Yurtaev, Leonid"]
[Result "0-1"]
[WhiteElo "2475"]
[BlackElo "2527"]
[PlyCount "82"]
[EventDate "2004.02.17"]
[EventType "swiss"]
[EventRounds "9"]
[EventCountry "RUS"]
[SourceTitle "EXT 2005"]
[Source "ChessBase"]
[SourceDate "2004.11.15"]
[SourceVersion "1"]
[SourceVersionDate "2004.11.15"]
[SourceQuality "1"]

1. d4 Nf6 2. c4 g6 3. Nc3 Bg7 4. e4 d6 5. h3 Nbd7 6. Bd3 e5 7. d5 Nc5 8. Bc2 a5 9. Bg5 Bd7 10. Nge2 c6 11. Qd2 cxd5 12. Nxd5 Bc6 13. f3 h6 14. Be3 Nxd5 15. cxd5 Bd7 16. 0-0 Rc8 17. a3 a4 18. Nc3 h5 19. Qd1 Qa5 20. Rf2 0-0 21. g4 h4 22. Bg5 f6 23. Bd2 Qa6 24. Be3 Qc4 25. Qf1 Nb3 26. Bd3 Qc7 27. Re1 Qa5 28. Bb5 Rf7 29. Bxd7 Rxd7 30. Qb5 Qxb5 31. Nxb5 Kh7 32. f4 Rc4 33. Nc3 exf4 34. Rxf4 Re7 35. Bf2 Nd2 36. Nb5 Nxe4 37. Rf3 Re5 38. Bxh4 f5 39. Rfe3 Rxd5 40. gxf5 gxf5 41. b3 axb3 0-1